Plan de conservación del mono aullador (Alouatta seniculus) en la región del Sirap-EC y Valle del Cauca (Registro nro. 5793)

Detalles MARC
000 -CABECERA
Campo de control 00988nam a2200289 a 4500
005 - FECHA Y HORA DE LA ULTIMA TRANSACCION
Campo de control 20200104041602.0
008 - ELEMENTOS DE LONGITUD FIJA—INFORMACION GENERAL
Campo de control 140127b2006 ck ||||| |||| 00| 0 spa d
020 ## - ISBN
ISBN 9588151759
040 ## - FUENTE DE CATALOGACIÓN
Agencia catalogadora original CO-BoIAVH
Agencia transcriptora CO-BoIAVH
041 ## - IDIOMA
Código de idioma para texto/pista de sonido o título separado Español
044 ## - PAÍS DE PUBLICACIÓN
País de publicación Colombia
082 ## - NUMERO DE CLASIFICACION DECIMAL DEWEY
Número de clasificación 333.72
Número del ítem V14p
110 ## - ASIENTO PRINCIPAL--NOMBRE CORPORATIVO
Nombre corporativo o de jurisdicción como elemento de entrada Instituto de Investigación de Recursos Biológicos Alexander von Humboldt
9 (RLIN) 204
245 10 - MENCION DE TITULO
Título Plan de conservación del mono aullador (Alouatta seniculus) en la región del Sirap-EC y Valle del Cauca
260 ## - PUBLICACION, DISTRIBUCION, ETC. (PIE DE IMPRENTA)
Lugar de publicación, distribución, etc. Bogotá
Nombre del editor, distribuidor, etc. Instituto Alexander von Humboldt
-- Fundación EcoAndina
Fecha de publicación, distribución, etc. 2006
300 ## - DESCRIPCION FISICA
Extensión 91 páginas
650 14 - ASIENTO SECUNDARIO DE MATERIA - TERMINO TEMATICO
Término temático o nombre geográfico como elemento de entrada Fauna silvestre
9 (RLIN) 92225
650 14 - ASIENTO SECUNDARIO DE MATERIA - TERMINO TEMATICO
Término temático o nombre geográfico como elemento de entrada Conservación
9 (RLIN) 89450
650 14 - ASIENTO SECUNDARIO DE MATERIA - TERMINO TEMATICO
Término temático o nombre geográfico como elemento de entrada Mono aullador
Subdivisión general Rojo
9 (RLIN) 89451
650 14 - ASIENTO SECUNDARIO DE MATERIA - TERMINO TEMATICO
Término temático o nombre geográfico como elemento de entrada Áreas protegidas
9 (RLIN) 78
650 14 - ASIENTO SECUNDARIO DE MATERIA - TERMINO TEMATICO
Término temático o nombre geográfico como elemento de entrada Especie amenazada
9 (RLIN) 2005
650 14 - ASIENTO SECUNDARIO DE MATERIA - TERMINO TEMATICO
Término temático o nombre geográfico como elemento de entrada Alouatta seniculus
9 (RLIN) 89453
700 ## - ASIENTO SECUNDARIO - NOMBRE PERSONAL
Nombre personal Valderrama, Carlos
Término de relación editor
9 (RLIN) 5333
700 ## - ASIENTO SECUNDARIO - NOMBRE PERSONAL
Nombre personal Kattan, Gustavo
Término de relación editor
9 (RLIN) 2704
942 ## - ELEMENTOS ADICIONALES (KOHA)
Tipo de ítem Libro
Sistema de clasificación Dewey Decimal Classification
945 ## - PROCESAMIENTO LOCAL
AAAA-MM-DD - Fecha de ingreso o modificacion 2007-09-04
Existencias
Withdrawn status Lost status Sistema de Clasificación Damaged status No para préstamo Colección Inventariado Ubicación Permanente Ubicación actual Fecha de adquisición Fuente de Valor Valor Total Checkouts Número topográfico Inventario / Código de Barras Date last seen Ejemplar Price effective from Forma de adquisición Tipo de material Uniform Resource Identifier
    Dewey Decimal Classification     Humboldt   Bogotá Bogotá 31/01/2018       IAVH-333.72 V14p 043464 31/01/2018 Ej. 3 31/01/2018 Institucional Libro 043464
    Dewey Decimal Classification     Humboldt Inventariado 2017 Sala Fabio Quevedo Sala Fabio Quevedo 18/07/2014 Instituto 30000.00   IAVH-333.72 V14p 025155 04/12/2012 Ej. 1 04/12/2012   Libro  
    Local     Humboldt Inventariado 2017 Villa de Leyva Villa de Leyva 04/09/2007 Instituto 30000.00   IAVH-00717 025156 04/12/2012 Ej. 2 04/12/2012   Libro